Online Catalogue and eLibrary

Who's who in contemporary women's writing (Record no. 4452)

MARC details
000 -LEADER
fixed length control field 00488nam a2200193Ia 4500
005 - DATE AND TIME OF LATEST TRANSACTION
control field 20250117001540.0
008 - FIXED-LENGTH DATA ELEMENTS--GENERAL INFORMATION
fixed length control field 240331s9999 xx 000 0 und d
020 ## - INTERNATIONAL STANDARD BOOK NUMBER
ISBN 0415159814
082 ## - DDC Classification
Item Number - Author Mark WHO
Class No. 920
245 #0 - TITLE STATEMENT
Title Who's who in contemporary women's writing
260 ## - PUBLICATION, DISTRIBUTION, ETC.
Place of publication, distribution, etc. London And New York
Name of publisher, distributor, etc. Routledge
Date of publication, distribution, etc. 2001
300 ## - PHYSICAL DESCRIPTION
Extent (e.g. Volumes, Pages etc.) XXI, 385 p .,
650 ## - SUBJECT ADDED ENTRY--TOPICAL TERM
Topical term or geographic name entry element Women Studies
650 ## - SUBJECT ADDED ENTRY--TOPICAL TERM
Topical term or geographic name entry element Literature
650 ## - SUBJECT ADDED ENTRY--TOPICAL TERM
Topical term or geographic name entry element History
650 ## - SUBJECT ADDED ENTRY--TOPICAL TERM
Topical term or geographic name entry element Politics
700 ## - ADDED ENTRY--PERSONAL NAME
Personal name Miller, J.E.
Relator term (Role) Editor
942 ## - Koha item type (Biblio)
Koha item type Books in Stacks (Lending)
Holdings
Lost status Damaged status Collection code Home library Current library Shelving location Date acquired Full call number Accession Number Item type
    Lending WERC Library WERC Library Social Science Cupboard 03/31/2024 920.7 WHO 6389 Books in Stacks (Lending)

© WERC Library